MARC

LEADER 00000nam0a2200000 4500
001 171794
005 20231031164054.0
035 |a (RuTPU)RU\TPU\book\186267 
090 |a 171794 
100 |a 20091208d1972 k y0rusy50 ca 
101 1 |a rus  |c eng 
102 |a RU 
105 |a a z 001zy 
200 1 |a Динамика  |e пер. с англ.  |f Р. Л. Халфман 
210 |a Москва  |c Наука  |d 1972 
215 |a 568 с.  |c ил. 
320 |a Библиогр.: с. 561-563. 
320 |a Предметный указатель: с. 564-567. 
610 1 |a динамика 
610 1 |a законы 
610 1 |a задачи 
610 1 |a кинематика 
610 1 |a динамика точки 
610 1 |a динамика твердого тела 
610 1 |a динамические системы 
610 1 |a сигналы 
610 1 |a передача 
610 1 |a линейные системы 
610 1 |a вариационное исчисление 
610 1 |a теория относительности 
675 |a 531.3  |v 3 
700 1 |a Халфман  |b Р. Л.  |g Роберт Л. 
801 1 |a RU  |b 63413507  |c 20091208 
801 2 |a RU  |b 63413507  |c 20150611  |g RCR 
942 |c BK